000 01010 a2200193 4500
001 23288
005 20260407155521.0
008 260407a1971 arg spa d
003 AR-UNSa-BCEJYS
040 _aAR-UNSa-BCEJYS
_bspa
_cAR-UNSa-BCEJYS
080 _a368
_xSeguros. Provisión comunitaria mediante participación en los riesgos
245 1 0 _aLecciones de seguro
264 1 _aBuenos Aires :
_bDepalma
_c1971
300 _a120 p.
_c22 cm.
505 _a1. Técnicas de seguros - 2. Concepto, origen y evolución del contrato de seguro - 3. Partes - 4. Elementos específicos - 5. Formación del contrato - 6. Obligaciones y cargas del asegurado - 7. Obligaciones del asegurador - 8. Seguro de incendio - 9. Seguro de la responsabilidad civil - 9. Seguros agricolas y de animales - 10. Seguro de la responsabilidad civil - 11. Seguro de transporte - 12. Seguro de robo - 13. Seguro de personas - 14. Reaseguro.
942 _cBK
590 _aniveau_biblio:m niveau_hierar:0
100 1 _aHalperin, Isaac
999 _c1102
_d1102